Исследование перегонкой Барзасских сапропелитов
| Autor principal: | |
|---|---|
| Idioma: | rus |
| Publicat: |
Новосибирск, 1930
|
| Matèries: | |
| Format: | MixedMaterials Llibre |
| KOHA link: | https://koha.lib.tpu.ru/cgi-bin/koha/opac-detail.pl?biblionumber=591194 |
MARC
| LEADER | 00000nam0a2200000 4500 | ||
|---|---|---|---|
| 001 | 591194 | ||
| 005 | 20231101131641.0 | ||
| 035 | |a (RuTPU)RU\TPU\tpu\1257 | ||
| 035 | |a TPU00001257 | ||
| 090 | |a 591194 | ||
| 100 | |a 20011210d1930 u y0rusy50 ca | ||
| 101 | 0 | |a rus | |
| 102 | |a RU | ||
| 105 | |a 000|y | ||
| 200 | 1 | |a Исследование перегонкой Барзасских сапропелитов |f И. В. Геблер | |
| 210 | |a Новосибирск |d 1930 | ||
| 215 | |a 28 с. | ||
| 610 | 1 | |a химические науки | |
| 610 | 1 | |a труды учёных ТПУ | |
| 700 | 1 | |a Геблер |b И. В. | |
| 801 | 0 | |a RU |b 63413507 |c 20011210 |g PSBO | |
| 801 | 2 | |a RU |b 63413507 |c 20051101 |g PSBO | |
| 942 | |c BK | ||